Pozícia mobility a migrácie v znalostnej ekonomike

Vzájomný vzťah a vplyv mobility a migrácie na znalostnú ekonomiku.

Salvato in:
Dettagli Bibliografici
Autore principale: Satmár, Oliver
Natura: Capitolo di libro
Lingua:slovacco
Soggetti:
Tags: Aggiungi Tag
Nessun Tag, puoi essere il primo ad aggiungerne!!

MARC

LEADER 00000nla$a2200000$$$4500
001 0103351
005 20240502072125.7
041 0 |a slo 
044 |a SK 
245 1 0 |a Pozícia mobility a migrácie v znalostnej ekonomike  |c Oliver Satmár 
520 |a Vzájomný vzťah a vplyv mobility a migrácie na znalostnú ekonomiku. 
610 2 0 |a ekonomika vedomostná 
610 2 0 |a migrácia 
610 2 0 |a pohyb síl pracovných medzinárodný 
610 2 0 |a kapitál ľudský 
610 2 0 |a pohyb obyvateľstva 
610 2 0 |a Slovensko 
610 2 0 |a Európska únia 
100 1 |a Satmár, Oliver